Sports Quiz

Random Sports or Baseball Quiz

Pittsburgh Pirates Hall of Famers Quiz Stats

 Plays Quiz not verified by Sporcle

Support Sporcle.
Go Orange.
Score 0/12 Timer 04:00
0 Plays Today
Position Player % Correct
OutfieldRoberto Clemente
98.9%
OutfieldWillie Stargell
98.9%
ShortstopHonus Wagner
95.1%
Second BaseBill Mazeroski
94.1%
OutfieldLloyd Waner
85.9%
OutfieldPaul Waner
85.9%
OutfieldRalph Kiner
80.5%
Third BasePie Traynor
78.4%
ShortstopArky Vaughan
58.9%
OutfieldMax Carey
45.4%
OutfieldFred Clarke
39.5%
First BaseJake Beckley
21.6%

You're not logged in!

Compare scores with friends on all Sporcle quizzes.
OR
Log In

From the Vault

Mark Wahlberg Remakes

by wolfguy24

Hey Mark Wahlberg, say hello to your mother for us!
Remove Ads.
Support Sporcle.
Get the best of Sporcle when you Go Orange. This ad-free experience offers more features, more stats, and more fun while also helping to support Sporcle. Thank you for becoming a member.

Show Comments

Extras

Top Quizzes Today


Score Distribution

Your Account Isn't Verified!

In order to create a playlist on Sporcle, you need to verify the email address you used during registration. Go to your Sporcle Settings to finish the process.

Report this User

Report this user for behavior that violates our Community Guidelines.

Details: